zpět

Detail výsledku týmu

Tankovna U Učíků, Vrchlabí

Datum a čas kvízu

26.5 Celkem bodů Celkový počet nahraných bodů na tomto kvízu bez doplňovacích otázek.
7. Pořadí na kvízu Konečné umístění týmu na tomto kvízu.

Zaznamenané odpovědi

# Otázka Odpověď Body Výsledky
1. V sobotu se v jedné obci na Br... Nové Heřminovy 1
2. Při rekonstrukci budovy radnic... Andy Warhol 0
3. Nová streamovací platforma One... Monyová 0
4. Cukrárna nedaleko Paříže překo... jahody 1
5. Dvojnásobný olympijský šampion... bronzovou 1
6. Opuštěné budovy mají pro řadu... B) urbex 1
7. Napište jméno města, v němž se... Pripjať 1
8. Namibijské město Kolmanskop je... diamanty 1
9. Velmi smutný osud potkal celou... Sarajevo, 1984 0
10. Ostrov La Isla de las Muñecas... B) panenkami 1